书目信息 |
| 题名: |
多面形的欧拉定理和闭曲面的拓扑分类
|
|
| 作者: | 江泽涵 著 | |
| 分册: | ||
| 出版信息: | 北京 人民教育出版社 1964 |
|
| 页数: | 43页 | |
| 开本: | 19cm | |
| 丛书名: | 数学小丛书 | |
| 单 册: | ||
| 中图分类: | O189-49 | |
| 科图分类: | ||
| 主题词: | 拓扑--普及读物 | |
| 电子资源: | ||
| ISBN: | 13012.0245 | |
| 000 | 00802oam2 2200265 450 | |
| 001 | 0179001785 | |
| 005 | 20100712215530.0 | |
| 010 | @a13012.0245@dCNY0.14 | |
| 091 | @a13012.0245 | |
| 100 | @a19950725e19791964em y0chiy0110 ea | |
| 101 | 0 | @achi |
| 102 | @aCN@b110000 | |
| 105 | @ay z 000yy | |
| 106 | @ar | |
| 200 | 1 | @a多面形的欧拉定理和闭曲面的拓扑分类@9Duo Mian Xing De;Di Ou La Ding Li He;Huo;Hu Bi Qu Mian De;Di Tuo;Ta Pu Fen Lei @f江泽涵著 |
| 210 | @a北京@c人民教育出版社@d1964@h1979重印 | |
| 215 | @a43页@d19cm | |
| 225 | 2 | @a数学小丛书 |
| 461 | 0 | @12001 @a数学小丛书 |
| 606 | 0 | @a拓扑@x普及读物 |
| 610 | 0 | @a欧拉定理@a闭曲面拓扑分类 |
| 690 | @aO189-49@v3 | |
| 701 | 0 | @a江泽涵@9jiang ze han@f(1902~1994)@4著 |
| 801 | 0 | @aCN@bAzMarc@c20130904 |
| 905 | @aBZT@dO189@e4@f5@sO189/4 | |
| 多面形的欧拉定理和闭曲面的拓扑分类/江泽涵著.-北京:人民教育出版社,1964(1979重印) |
| 43页;19cm.-(数学小丛书) |
| ISBN 13012.0245:CNY0.14 |
| ● |
| 相关链接 |
|
|
|
正题名:多面形的欧拉定理和闭曲面的拓扑分类
索取号:O189/4
 
预约/预借
| 序号 | 登录号 | 条形码 | 馆藏地/架位号 | 状态 | 备注 |
| 1 | 2000083438 | 2000083438 | 旧书回溯/ [索取号:O189/4] | 在馆 | |
| 2 | 2000083439 | 2000083439 | 旧书回溯/ [索取号:O189/4] | 在馆 | |
| 3 | 2000126136 | 2000126136 | 旧书回溯/ [索取号:O189/4] | 在馆 | |
| 4 | 2000126137 | 2000126137 | 旧书回溯/ [索取号:O189/4] | 在馆 | |
| 5 | 2000126138 | 2000126138 | 旧书回溯/ [索取号:O189/4] | 在馆 |